Commodities finance and traders, issues in North South negotiations (Record no. 566179)

MARC details
000 -LEADER
fixed length control field 00857nam a2200265Ia 4500
003 - CONTROL NUMBER IDENTIFIER
control field OSt
005 - DATE AND TIME OF LATEST TRANSACTION
control field 20220925214648.0
008 - FIXED-LENGTH DATA ELEMENTS--GENERAL INFORMATION
fixed length control field 220923b |||||||| |||| 00| 0 eng d
020 ## - INTERNATIONAL STANDARD BOOK NUMBER
International Standard Book Number 0 903804 49 2
037 ## - SOURCE OF ACQUISITION
Terms of availability General Book
040 ## - CATALOGING SOURCE
Original cataloging agency RTL
Transcribing agency RTL
Language of cataloging eng
041 ## - LANGUAGE CODE
Source of code eng
Language code of text/sound track or separate title eng
100 ## - MAIN ENTRY--PERSONAL NAME
Personal name Sengupta Arjun Ed.
245 #0 - TITLE STATEMENT
Title Commodities finance and traders, issues in North South negotiations
260 ## - PUBLICATION, DISTRIBUTION, ETC.
Place of publication, distribution, etc. London
Name of publisher, distributor, etc. Frances Pinter U. K.
Date of publication, distribution, etc. 1980
300 ## - PHYSICAL DESCRIPTION
Extent xlix, 407p.
Dimensions cm.
500 ## - GENERAL NOTE
General note Centre for Research on the New International Economic Order publication; Bibliography chapterwise
650 ## - SUBJECT ADDED ENTRY--TOPICAL TERM
Topical term or geographic name entry element Economics
650 ## - SUBJECT ADDED ENTRY--TOPICAL TERM
Topical term or geographic name entry element International Trade
942 ## - ADDED ENTRY ELEMENTS (KOHA)
Classification part X:54.1.N7, M0/TD3
Koha item type General Books
Source of classification or shelving scheme Colon Classification (CC)
Holdings
Withdrawn status Lost status Damaged status Not for loan Home library Current library Date acquired Total Checkouts Full call number Barcode Date last seen Price effective from Koha item type
        Ratan Tata Library Ratan Tata Library 2022-09-25   X:54.1.N7 M0/TD3 RT00721117 Res 2022-09-25 2022-09-25 General Books
Copyright @ Delhi University Library System